[Event "XIII C.to Italiano U20"]
[Site "Bratto - Castione della Presolana ITA"]
[Date "2005.08.20"]
[Round "1"]
[White "Amato, Andrea"]
[Black "Fratino, Lorenzo"]
[Result "1-0"]
[WhiteElo "2286"]
[BlackElo "1905"]
[PlyCount "83"]
[EventDate "2005.08.20"]

1.e4 d5 2.exd5 Nf6 3.d4 Nxd5 4.c4 Nb6 5.Nc3 g6 6.Be3 Bg7 7.a4 a5 8.Be2 Nc6
9.d5 Nb4 10.Nf3 Bg4 11.Nd4 Bxe2 12.Qxe2 Qd7 13.O-O O-O 14.Rfd1 c6 15.dxc6 
bxc6 16.Ndb5 Qb7 17.Nd4 Rfd8 18.Nb3 Qa6 19.Rxd8+ Rxd8 20.Rd1 Re8 21.Bxb6 
Qxb6 22.c5 Qa7 23.Qc4 Qc7 24.Qe2 Rd8 25.g3 Rxd1+ 26.Qxd1 e6 27.Qd2 f5 28.
Qd6 Be5 29.Qxe6+ Kg7 30.f4 Bf6 31.Qd6 Qa7 32.Nd1 Be7 33.Qd4+ Kh6 34.Ne3 
Na6 35.g4 Bxc5 36.g5+ Kh5 37.Qd1+ Kh4 38.Qe1+ Kh3 39.Qe2 Kh4 40.Qf2+ Kh5 
41.Qf3+ Kh4 42.Kg2 1-0

[Event "XIII C.to Italiano U20"]
[Site "Bratto - Castione della Presolana ITA"]
[Date "2005.08.20"]
[Round "1"]
[White "Andreoni, Giuseppe"]
[Black "Battistelli, Alessandro"]
[Result "1/2-1/2"]
[WhiteElo "1983"]
[BlackElo "1655"]
[PlyCount "34"]
[EventDate "2005.08.20"]

1.e4 e5 2.Nf3 Nc6 3.Bb5 a6 4.Ba4 b5 5.Bb3 Nf6 6.O-O d6 7.Re1 Na5 8.d4 Nxb3
9.axb3 exd4 10.e5 dxe5 11.Qxd4 Qxd4 12.Nxd4 Bd6 13.Bf4 O-O 14.Bxe5 Re8 15.
Nf3 Bxe5 16.Rxe5 Bb7 17.Nbd2 Bxf3 1/2-1/2

[Event "XIII C.to Italiano U20"]
[Site "Bratto - Castione della Presolana ITA"]
[Date "2005.08.20"]
[Round "1"]
[White "Bartolini, Leonardo"]
[Black "Fortino, Fabrizio"]
[Result "0-1"]
[WhiteElo "1580"]
[BlackElo "1965"]
[PlyCount "80"]
[EventDate "2005.08.20"]

1.Nf3 Nf6 2.d4 g6 3.Bf4 Bg7 4.h3 d6 5.e3 O-O 6.Be2 c6 7.O-O Nbd7 8.c4 Re8 
9.Nc3 Qb6 10.Qb3 Qd8 11.Bh2 e5 12.Qc2 exd4 13.exd4 Nf8 14.Rad1 d5 15.c5 
Ne6 16.Ne5 Nd7 17.f4 Nxe5 18.fxe5 b6 19.b4 a5 20.a3 h5 21.Qd2 axb4 22.axb4
b5 23.Bf3 Kh7 24.Bf4 Nxf4 25.Qxf4 Be6 26.Ra1 Rxa1 27.Rxa1 Bh6 28.Qg3 Be3+ 
29.Kh1 Bxd4 30.Qe1 Qg5 31.Ra6 Qxe5 32.Qxe5 Bxe5 33.Nd1 Rc8 34.Kg1 Kg7 35.
Kf2 Kf6 36.Ke2 Kg5 37.Kf2 Rc7 38.Ne3 Bc3 39.Nc2 Bf5 40.Ra2 d4 0-1

[Event "XIII C.to Italiano U20"]
[Site "Bratto - Castione della Presolana ITA"]
[Date "2005.08.20"]
[Round "1"]
[White "Boscolo, Marco"]
[Black "Ravagnati, Marco"]
[Result "1-0"]
[WhiteElo "2006"]
[BlackElo "1658"]
[PlyCount "55"]
[EventDate "2005.08.20"]

1.e4 c5 2.Nf3 Nc6 3.d3 d6 4.g3 Nf6 5.Bg2 Bg4 6.h3 Bh5 7.g4 Bg6 8.c3 e6 9.
O-O h5 10.g5 Nd7 11.Nh4 Qc7 12.f4 O-O-O 13.Nxg6 fxg6 14.h4 Be7 15.Na3 a6 
16.Nc2 Rhf8 17.Bh3 e5 18.f5 Kb8 19.Ne3 Nb6 20.a4 a5 21.Nd5 Nxd5 22.exd5 
Na7 23.fxg6 c4 24.Be3 Rxf1+ 25.Qxf1 Rf8 26.Qe2 cxd3 27.Qxd3 Rf3 28.Bxa7+ 
1-0

[Event "XIII C.to Italiano U20"]
[Site "Bratto - Castione della Presolana ITA"]
[Date "2005.08.20"]
[Round "1"]
[White "Buono, Valerio"]
[Black "Stips, Felix"]
[Result "1/2-1/2"]
[WhiteElo "1977"]
[BlackElo "1650"]
[PlyCount "118"]
[EventDate "2005.08.20"]

1.e4 c5 2.Nf3 d6 3.d4 cxd4 4.Nxd4 Nf6 5.Nc3 a6 6.Be2 e6 7.Be3 Be7 8.O-O 
Qc7 9.Nb3 b5 10.a3 Bb7 11.Bd3 d5 12.exd5 Nxd5 13.Nxd5 Bxd5 14.Bd4 Nc6 15.
Bc3 Bf6 16.Qd2 Ne5 17.f3 Nxd3 18.Bxf6 gxf6 19.Qxd3 Bc4 20.Qe4 Rc8 21.Rfd1 
O-O 22.Qg4+ Kh8 23.Qh4 Qe5 24.Nd4 Rfd8 25.c3 Qe3+ 26.Qf2 Qxf2+ 27.Kxf2 e5 
28.Nf5 Bb3 29.Rxd8+ Rxd8 30.Ke1 Rd7 31.Ng3 Kg7 32.Ne4 Rd5 33.Rc1 Bc4 34.
Rd1 f5 35.Rxd5 Bxd5 36.Nc5 a5 37.Ke2 f6 38.g3 a4 39.Ke3 Kf7 40.Nd3 Kg6 41.
Nc5 h5 42.h4 Kf7 43.Nd3 Ke6 44.f4 Kd6 45.Nf2 Bc4 46.Nd1 Kc5 47.Kd2 Kd5 48.
Ke3 Ba2 49.Kd3 Bb1+ 50.Ke3 Bc2 51.Nf2 Kc4 52.Kd2 Kb3 53.Kc1 e4 54.Nh3 e3 
55.Ng1 Be4 56.Ne2 Kc4 57.Nd4 Kd3 58.Kd1 e2+ 59.Ke1 Ke3 1/2-1/2

[Event "XIII C.to Italiano U20"]
[Site "Bratto - Castione della Presolana ITA"]
[Date "2005.08.20"]
[Round "1"]
[White "Cappai, Davide"]
[Black "De Nardi, Riccardo"]
[Result "1/2-1/2"]
[WhiteElo "2115"]
[BlackElo "1717"]
[PlyCount "60"]
[EventDate "2005.08.20"]

1.e4 c5 2.Nf3 d6 3.d4 cxd4 4.Nxd4 Nf6 5.Nc3 g6 6.Be3 Bg7 7.f3 O-O 8.Bc4 
Nc6 9.Qd2 Bd7 10.O-O-O Ne5 11.Bb3 Qa5 12.Kb1 Rfc8 13.Bg5 Nc4 14.Bxc4 Rxc4 
15.Bxf6 Bxf6 16.Nd5 Qa6 17.Nxf6+ exf6 18.Nb3 Rc6 19.h4 Rac8 20.Nd4 Be6 21.
b3 Rb6 22.h5 g5 23.h6 Rc5 24.Rh5 Qc4 25.Kc1 Qa6 26.Kb1 Qc4 27.Re1 Qa4 28.
Ka1 Qa6 29.e5 Ra5 30.c3 Rxb3 1/2-1/2

[Event "XIII C.to Italiano U20"]
[Site "Bratto - Castione della Presolana ITA"]
[Date "2005.08.20"]
[Round "1"]
[White "Castellano, Fabio Marco"]
[Black "Lain, Luigi"]
[Result "0-1"]
[WhiteElo "1893"]
[BlackElo "2254"]
[PlyCount "82"]
[EventDate "2005.08.20"]

1.e4 e5 2.Nf3 Nc6 3.d4 exd4 4.Nxd4 Qh4 5.Nc3 Bb4 6.Nb5 Qxe4+ 7.Be2 Bxc3+ 
8.bxc3 Kd8 9.O-O a6 10.Bd3 Qh4 11.Na3 d6 12.Nc4 Be6 13.Ne3 Qf6 14.Bd2 Nge7
15.f4 Nf5 16.Ng4 Qh4 17.Qf3 Ng3 18.hxg3 Qxg4 19.f5 Qxf3 20.gxf3 Bd7 21.Be4
Na5 22.g4 Bc6 23.Rab1 Bxe4 24.fxe4 b5 25.Bf4 Nc4 26.Rbd1 Re8 27.Rfe1 f6 
28.g5 Kd7 29.Kf2 fxg5 30.Bxg5 Rf8 31.Kg3 Rae8 32.Bf4 Rf7 33.Kg4 Ref8 34.
Bg3 g6 35.fxg6 Rg8 36.e5 Rxg6+ 37.Kh4 Rf3 38.exd6 cxd6 39.Be5 Ne3 40.Rxe3 
Rxe3 41.Bd4 Re2 0-1

[Event "XIII C.to Italiano U20"]
[Site "Bratto - Castione della Presolana ITA"]
[Date "2005.08.20"]
[Round "1"]
[White "Chinello, Gianmarco"]
[Black "Covolan, Stefano"]
[Result "1-0"]
[WhiteElo "2070"]
[BlackElo "1691"]
[PlyCount "47"]
[EventDate "2005.08.20"]

1.e4 c5 2.f4 d6 3.Nf3 e6 4.Nc3 Be7 5.Be2 Nf6 6.O-O a6 7.d3 Nc6 8.Qe1 b5 9.
Bd1 Qb6 10.Kh1 Bb7 11.e5 dxe5 12.fxe5 Nd7 13.Qg3 Rg8 14.Ne4 Nd4 15.Nfg5 
Nf5 16.Qf4 Bxg5 17.Nxg5 f6 18.exf6 gxf6 19.Ne4 Bxe4 20.Bh5+ Ke7 21.Qxe4 
Ne5 22.Bf4 Ng6 23.Rae1 Rac8 24.Qxf5 1-0

[Event "XIII C.to Italiano U20"]
[Site "Bratto - Castione della Presolana ITA"]
[Date "2005.08.20"]
[Round "1"]
[White "Cocuzzi, Edoardo"]
[Black "Lapenna, Antonio"]
[Result "0-1"]
[WhiteElo "1689"]
[BlackElo "2056"]
[PlyCount "40"]
[EventDate "2005.08.20"]

1.e4 c5 2.Bc4 Nc6 3.d3 Nf6 4.h3 e6 5.a3 d5 6.exd5 exd5 7.Ba2 Be7 8.Nf3 O-O
9.Nc3 h6 10.O-O Be6 11.Ne2 Qd7 12.Nf4 Bf5 13.Nh2 Rae8 14.Bd2 Bd6 15.Qf3 
Nd4 16.Qd1 Bxf4 17.Re1 Rxe1+ 18.Qxe1 Bxh2+ 19.Kxh2 Qd6+ 20.Kh1 Nxc2 0-1

[Event "XIII C.to Italiano U20"]
[Site "Bratto - Castione della Presolana ITA"]
[Date "2005.08.20"]
[Round "1"]
[White "Corsino, Gianluca"]
[Black "Oblak, Mitja"]
[Result "1-0"]
[WhiteElo "2053"]
[BlackElo "1688"]
[PlyCount "93"]
[EventDate "2005.08.20"]

1.d4 d5 2.e3 Nf6 3.Bd3 e6 4.f4 c5 5.c3 Nc6 6.Nf3 Be7 7.Nbd2 a6 8.O-O O-O 
9.Ne5 Qb6 10.Ndf3 Bd7 11.Nxd7 Nxd7 12.Ne5 Ndxe5 13.fxe5 cxd4 14.exd4 Nxe5 
15.Bxh7+ Kxh7 16.Qh5+ Kg8 17.Qxe5 f6 18.Qe2 e5 19.Be3 exd4 20.Bxd4 Bc5 21.
Bxc5 Qxc5+ 22.Qf2 Qxf2+ 23.Rxf2 Rad8 24.Rd2 Rd7 25.Rad1 Rfd8 26.Kf2 b5 27.
Rd4 Kf7 28.a4 bxa4 29.Rxa4 Rd6 30.Rda1 Rb8 31.b4 Rbb6 32.Ke3 Rdc6 33.Kd3 
Ke6 34.Ra5 f5 35.Rc5 g6 36.Kd4 Kf7 37.Rc1 Ke6 38.Re1+ Kd7 39.Re5 Rxc5 40.
bxc5 Rc6 41.Kxd5 a5 42.Kc4 Re6 43.Rxe6 Kxe6 44.Kb5 Kd7 45.Kxa5 Kc6 46.Kb4 
g5 47.h3 1-0

[Event "XIII C.to Italiano U20"]
[Site "Bratto - Castione della Presolana ITA"]
[Date "2005.08.20"]
[Round "1"]
[White "Cozzarin, Davide"]
[Black "Fezzardi, Emanuele"]
[Result "0-1"]
[WhiteElo "1646"]
[BlackElo "1970"]
[PlyCount "112"]
[EventDate "2005.08.20"]

1.c4 e5 2.Nc3 Nf6 3.b3 d5 4.cxd5 Nxd5 5.Bb2 Be7 6.g3 Nb6 7.Bg2 O-O 8.Nf3 
Nc6 9.O-O Be6 10.d3 f5 11.Rc1 Qe8 12.Nb5 Bd6 13.Nxd6 cxd6 14.e3 h6 15.Qd2 
Qf7 16.e4 Rac8 17.Nh4 f4 18.gxf4 Qxf4 19.Qxf4 Rxf4 20.Ng6 Rf7 21.Ba3 Rd8 
22.f4 Nd4 23.Rf2 Bg4 24.Re1 Kh7 25.f5 Rc7 26.Bb2 Nc6 27.a3 Bh5 28.Nh4 a5 
29.Ref1 Nd7 30.Bf3 Bf7 31.b4 axb4 32.axb4 Nxb4 33.Ba3 Nxd3 34.Bxd6 Rc6 35.
Be7 Re8 36.Rd2 Rxe7 37.Rxd3 Bc4 38.Ng6 Bxd3 39.Nxe7 Bxf1 40.Nxc6 bxc6 41.
Kxf1 Kg8 42.Ke2 Kf8 43.Kd3 Ke7 44.Kc4 Kd6 45.h4 Kc7 46.Bd1 Kb6 47.Be2 Nc5 
48.Bf3 Nb7 49.Bd1 Nd6+ 50.Kd3 c5 51.Bb3 Kb5 52.Bd5 c4+ 53.Kc3 Kc5 54.h5 
Nb5+ 55.Kc2 Kd4 56.Bc6 Nd6 0-1

[Event "XIII C.to Italiano U20"]
[Site "Bratto - Castione della Presolana ITA"]
[Date "2005.08.20"]
[Round "1"]
[White "Damia, Angelo"]
[Black "Regorda, Massimiliano"]
[Result "1-0"]
[WhiteElo "2155"]
[BlackElo "1802"]
[PlyCount "37"]
[EventDate "2005.08.20"]

1.e4 e5 2.Nf3 Nc6 3.d4 exd4 4.Nxd4 Bc5 5.Nf5 Qf6 6.Nc3 Nge7 7.Ne3 d6 8.Bd3
Ne5 9.O-O c6 10.Kh1 O-O 11.f4 Nxd3 12.cxd3 Ng6 13.f5 Bxe3 14.fxg6 Qg5 15.
gxf7+ Rxf7 16.Rxf7 Bxc1 17.Rf3 Be3 18.Qb3+ d5 19.exd5 1-0

[Event "XIII C.to Italiano U20"]
[Site "Bratto - Castione della Presolana ITA"]
[Date "2005.08.20"]
[Round "1"]
[White "Drezzadore, Dario"]
[Black "Reginato, Mauro"]
[Result "1/2-1/2"]
[WhiteElo "2019"]
[BlackElo "1679"]
[PlyCount "31"]
[EventDate "2005.08.20"]

1.e4 e5 2.Nf3 Nc6 3.d4 exd4 4.Bc4 Bc5 5.c3 Nf6 6.e5 d5 7.Bb5 Ne4 8.Nxd4 
O-O 9.Bxc6 bxc6 10.O-O Ba6 11.Re1 Qh4 12.Be3 f5 13.g3 Qh3 14.Qf3 Bxd4 15.
Bxd4 f4 16.Qg2 1/2-1/2

[Event "XIII C.to Italiano U20"]
[Site "Bratto - Castione della Presolana ITA"]
[Date "2005.08.20"]
[Round "1"]
[White "Finocchiaro, Gianluca"]
[Black "Massironi, Marco"]
[Result "0-1"]
[WhiteElo "1730"]
[BlackElo "2122"]
[PlyCount "66"]
[EventDate "2005.08.20"]

1.e4 c5 2.c3 d6 3.d4 Nf6 4.Bd3 Nc6 5.Nf3 e5 6.dxe5 dxe5 7.O-O Be7 8.Qe2 
O-O 9.Rd1 Qc7 10.Na3 a6 11.Nh4 Rd8 12.Nf5 Bxf5 13.exf5 e4 14.Bc2 Rxd1+ 15.
Bxd1 Qe5 16.Bg5 Qxf5 17.Bxf6 Bxf6 18.Bc2 Re8 19.Nc4 Qe6 20.Rd1 Be5 21.Nxe5
Qxe5 22.Qc4 e3 23.Qe2 exf2+ 24.Qxf2 g6 25.Rd7 Re7 26.Rxe7 Qxe7 27.h3 Ne5 
28.Qe2 c4 29.Be4 b5 30.Bb7 Qc5+ 31.Kh1 a5 32.Qd2 Nd3 33.Kh2 Qc7+ 0-1

[Event "XIII C.to Italiano U20"]
[Site "Bratto - Castione della Presolana ITA"]
[Date "2005.08.20"]
[Round "1"]
[White "Frilli, Guido"]
[Black "Salafia, Andrea"]
[Result "1/2-1/2"]
[WhiteElo "2120"]
[BlackElo "1724"]
[PlyCount "56"]
[EventDate "2005.08.20"]

1.e4 c6 2.d4 d5 3.Nc3 dxe4 4.Nxe4 Nd7 5.Ng5 Ngf6 6.Bd3 g6 7.N1f3 Bg7 8.h4 
h6 9.Nxf7 Kxf7 10.Qe2 Re8 11.Ne5+ Nxe5 12.dxe5 Ng4 13.h5 Nxe5 14.hxg6+ Kg8
15.Be4 Be6 16.Bxh6 Bxh6 17.Rxh6 Ng4 18.Rh1 Qb6 19.Bf3 Qa5+ 20.Kf1 Ne5 21.
Be4 Bc4 22.Bd3 Bxd3 23.cxd3 Nxg6 24.Rh5 Qd8 25.Rg5 Kf7 26.Rxg6 Kxg6 27.
Qe6+ Kg7 28.Qe5+ Kg6 1/2-1/2

[Event "XIII C.to Italiano U20"]
[Site "Bratto - Castione della Presolana ITA"]
[Date "2005.08.20"]
[Round "1"]
[White "Gallucci, Alessio"]
[Black "Manconi, Antonio"]
[Result "0-1"]
[WhiteElo "1656"]
[BlackElo "1988"]
[PlyCount "60"]
[EventDate "2005.08.20"]

1.e4 c5 2.Nc3 Nc6 3.f4 e6 4.Nf3 d5 5.e5 a6 6.a4 Nge7 7.g4 Ng6 8.d3 Nh4 9.
Be2 Nxf3+ 10.Bxf3 Qh4+ 11.Kf1 Nd4 12.Be3 Nxf3 13.Qxf3 Qd8 14.Ne2 d4 15.Bd2
Qc7 16.Ng3 Bd7 17.f5 exf5 18.gxf5 Bc6 19.Ne4 Qxe5 20.Re1 O-O-O 21.Qg4 f6 
22.Bf4 Qd5 23.Rg1 Bd7 24.Ng3 g6 25.Rg2 Bxf5 26.Nxf5 gxf5 27.Qh4 Bd6 28.
Rge2 Qf3+ 29.Qf2 Qxf4 30.Qxf4 Bxf4 0-1

[Event "XIII C.to Italiano U20"]
[Site "Bratto - Castione della Presolana ITA"]
[Date "2005.08.20"]
[Round "1"]
[White "Gatterer, Matthias"]
[Black "Brunello, Sabino"]
[Result "1-0"]
[WhiteElo "1917"]
[BlackElo "2373"]
[PlyCount "89"]
[EventDate "2005.08.20"]

1.d4 Nf6 2.Nf3 e6 3.c4 b6 4.g3 Bb7 5.Bg2 Be7 6.O-O O-O 7.Nc3 Ne4 8.Bd2 Bf6
9.Qc2 Nxd2 10.Qxd2 d6 11.Ne1 Bxg2 12.Nxg2 g6 13.e4 Nc6 14.d5 Ne5 15.Qe2 
Bg7 16.Nf4 Qe7 17.Rae1 Rac8 18.Nb5 c6 19.dxc6 Nxc6 20.Rd1 Rcd8 21.Qc2 Rd7 
22.Ne2 Rc8 23.b3 Nb4 24.Qd2 d5 25.a3 Nc6 26.exd5 exd5 27.cxd5 Na5 28.Rb1 
Rcd8 29.Nec3 Nc6 30.Rfe1 Ne5 31.Qe3 Qc5 32.Rbd1 a6 33.Nd4 Ng4 34.Qd3 Qxa3 
35.Nc6 Rf8 36.Na4 Qd6 37.Nxb6 Rb7 38.Nc4 Qc5 39.Ne3 Nf6 40.b4 Qd6 41.Qxa6 
Rc7 42.b5 Nd7 43.b6 Rxc6 44.dxc6 Qxc6 45.Qc4 1-0

[Event "XIII C.to Italiano U20"]
[Site "Bratto - Castione della Presolana ITA"]
[Date "2005.08.20"]
[Round "1"]
[White "Hellweger, Stefan"]
[Black "Bosi, Clint"]
[Result "0-1"]
[WhiteElo "1685"]
[BlackElo "2025"]
[PlyCount "76"]
[EventDate "2005.08.20"]

1.e4 d6 2.d4 g6 3.f4 Bg7 4.Nf3 Nc6 5.Bb5 a6 6.Bxc6+ bxc6 7.O-O Nf6 8.Nc3 
O-O 9.e5 Nd7 10.Ne4 d5 11.Ng3 e6 12.Be3 Qe7 13.Qd2 c5 14.dxc5 a5 15.Qc3 c6
16.a3 a4 17.b4 axb3 18.cxb3 Ba6 19.Rf2 f6 20.Bd4 fxe5 21.Nxe5 Nxe5 22.Bxe5
Bxe5 23.fxe5 Rxf2 24.Kxf2 Rf8+ 25.Kg1 Qg5 26.Re1 h5 27.Qe3 Qxe3+ 28.Rxe3 
h4 29.Ne2 d4 30.Rf3 Rxf3 31.gxf3 Bxe2 32.Kf2 Bd1 33.b4 Ba4 34.Ke2 Bb5+ 35.
Kd2 g5 36.Kc2 Kg7 37.Kb3 d3 38.Kc3 Kg6 0-1

[Event "XIII C.to Italiano U20"]
[Site "Bratto - Castione della Presolana ITA"]
[Date "2005.08.20"]
[Round "1"]
[White "Laurenti, Stefano"]
[Black "Zermian, Federico"]
[Result "1-0"]
[WhiteElo "1937"]
[BlackElo "1500"]
[PlyCount "37"]
[EventDate "2005.08.20"]

1.e4 e5 2.Nf3 Nc6 3.d4 exd4 4.Bc4 Bc5 5.c3 dxc3 6.Bxf7+ Kxf7 7.Qd5+ Ke8 8.
Qh5+ g6 9.Qxc5 Nf6 10.Nxc3 Qe7 11.Qxe7+ Kxe7 12.e5 Ng8 13.Nd5+ Kd8 14.Bg5+
Nge7 15.O-O-O Rf8 16.Nd4 Rf7 17.e6 dxe6 18.Nxc6+ bxc6 19.Nxe7+ 1-0

[Event "XIII C.to Italiano U20"]
[Site "Bratto - Castione della Presolana ITA"]
[Date "2005.08.20"]
[Round "1"]
[White "Lettieri, Giuseppe"]
[Black "Lai, Luca"]
[Result "1-0"]
[WhiteElo "2251"]
[BlackElo "1871"]
[PlyCount "73"]
[EventDate "2005.08.20"]

1.e4 d5 2.exd5 c6 3.d4 cxd5 4.c4 e5 5.dxe5 d4 6.Nf3 Nc6 7.Bd3 Bg4 8.O-O 
Qd7 9.a3 O-O-O 10.Re1 Nge7 11.Bf4 Ng6 12.Bg3 h5 13.h3 h4 14.hxg4 Qxg4 15.
Qc2 Rh5 16.Re4 Qxf3 17.gxf3 hxg3 18.fxg3 Ncxe5 19.Qe2 Bd6 20.f4 Rdh8 21.
Qxh5 Rxh5 22.fxe5 Nxe5 23.Be2 Rg5 24.Nd2 d3 25.Bf3 Rxg3+ 26.Kf2 Rg5 27.b4 
f5 28.Rd4 Ng4+ 29.Rxg4 fxg4 30.Rg1 g3+ 31.Ke3 a5 32.Ne4 Rg6 33.Nxd6+ Rxd6 
34.b5 b6 35.Rxg3 d2 36.Rg1 Rg6 37.Bg4+ 1-0

[Event "XIII C.to Italiano U20"]
[Site "Bratto - Castione della Presolana ITA"]
[Date "2005.08.20"]
[Round "1"]
[White "Mora, Lorenzo"]
[Black "Pulito, Alberto"]
[Result "0-1"]
[WhiteElo "1820"]
[BlackElo "2212"]
[PlyCount "40"]
[EventDate "2005.08.20"]

1.d4 d5 2.c4 e6 3.Nc3 Nf6 4.Nf3 c6 5.e3 Bd6 6.Bd3 Nbd7 7.O-O dxc4 8.Bxc4 
O-O 9.Qc2 Qe7 10.e4 e5 11.Bg5 exd4 12.Nxd4 Bxh2+ 13.Kh1 Qc5 14.Kxh2 Ng4+ 
15.Kg1 Qxg5 16.g3 Qh5 17.Rfd1 Nde5 18.Bb3 c5 19.Ndb5 Qh2+ 20.Kf1 Ne3+ 0-1

[Event "XIII C.to Italiano U20"]
[Site "Bratto - Castione della Presolana ITA"]
[Date "2005.08.20"]
[Round "1"]
[White "Napoli, Nicolo'"]
[Black "Bellemo, Davide"]
[Result "1-0"]
[WhiteElo "2225"]
[BlackElo "1847"]
[PlyCount "77"]
[EventDate "2005.08.20"]

1.c4 Nf6 2.d4 g6 3.Nc3 Bg7 4.e4 d6 5.f4 O-O 6.Nf3 c5 7.dxc5 dxc5 8.Qxd8 
Rxd8 9.e5 Ne8 10.Be2 Nc6 11.Kf2 f6 12.exf6 Nxf6 13.h3 Bf5 14.Be3 Nd4 15.
Rad1 Ne4+ 16.Nxe4 Bxe4 17.Ng5 Bxg2 18.Kxg2 Nxe2 19.Ne6 Rd6 20.Nxc5 Nd4 21.
Nxb7 Rb6 22.Bxd4 Bxd4 23.b3 Rxb7 24.Rxd4 a5 25.Rhd1 Raa7 26.c5 Rc7 27.Rc1 
Rc6 28.a3 Rb7 29.b4 axb4 30.axb4 Rb5 31.Kf3 Kf7 32.Ke4 Ke6 33.Kd3 Rc8 34.
Re1+ Kf6 35.Ra1 Rcb8 36.c6 R5b6 37.c7 Rc8 38.Ra7 Rc6 39.Rc4 1-0

[Event "XIII C.to Italiano U20"]
[Site "Bratto - Castione della Presolana ITA"]
[Date "2005.08.20"]
[Round "1"]
[White "Navarro, Stefano"]
[Black "Borsato, Federico"]
[Result "1-0"]
[WhiteElo "2209"]
[BlackElo "1811"]
[PlyCount "91"]
[EventDate "2005.08.20"]

1.e4 c5 2.Nf3 Nc6 3.d4 cxd4 4.Nxd4 e5 5.Nb5 d6 6.c4 a6 7.N5c3 Nf6 8.Na3 
Be7 9.Nc2 O-O 10.Bd3 Qc7 11.O-O Be6 12.b3 Rab8 13.Bb2 Bg4 14.Qd2 Be6 15.
Rac1 Nd7 16.Nd5 Qd8 17.Nxe7+ Qxe7 18.Ne3 Nc5 19.Bc2 a5 20.Rfd1 Rfd8 21.a3 
b5 22.b4 axb4 23.axb4 bxc4 24.Ba3 Nb7 25.Bb2 Na7 26.Bb1 Rdc8 27.Ba2 c3 28.
Bxc3 Nb5 29.Nd5 Bxd5 30.Bxd5 Nxc3 31.Rxc3 Rxc3 32.Qxc3 Nd8 33.h3 Ne6 34.
Bxe6 fxe6 35.Qc4 d5 36.exd5 Rxb4 37.Qc8+ Kf7 38.d6 Rb1 39.Rxb1 Qxd6 40.
Rb7+ Kf6 41.Rd7 Qa3 42.Qd8+ Kg6 43.Qe8+ Kf5 44.Rf7+ Ke4 45.Qc6+ Kd4 46.
Rd7+ 1-0

[Event "XIII C.to Italiano U20"]
[Site "Bratto - Castione della Presolana ITA"]
[Date "2005.08.20"]
[Round "1"]
[White "Navarro, Tommaso"]
[Black "Braschi, Giancarlo"]
[Result "0-1"]
[WhiteElo "1805"]
[BlackElo "2201"]
[PlyCount "78"]
[EventDate "2005.08.20"]

1.e4 c5 2.Nf3 Nc6 3.d4 cxd4 4.Nxd4 Nf6 5.Nc3 e5 6.Nf3 Bb4 7.Bd2 Bxc3 8.
Bxc3 Nxe4 9.Nxe5 Nxc3 10.Nxc6 Nxd1 11.Nxd8 Nxb2 12.Nxb7 Bxb7 13.Rb1 Rb8 
14.Rxb2 O-O 15.Rb3 a5 16.f3 a4 17.Re3 Bd5 18.Kd2 Rb1 19.g3 Bxa2 20.Bg2 
Rxh1 21.Bxh1 Bd5 22.Re1 a3 23.f4 Bc4 24.Be4 f5 25.Bd3 Be6 26.Ra1 a2 27.c4 
d5 28.Kc3 dxc4 29.Bc2 Ra8 30.Kb2 Kf7 31.Rd1 c3+ 32.Ka1 Re8 33.g4 fxg4 34.
f5 Bc4 35.Rd7+ Re7 36.Rd1 Re2 37.Ba4 Rxh2 38.Rc1 g3 39.Bc6 Rf2 0-1

[Event "XIII C.to Italiano U20"]
[Site "Bratto - Castione della Presolana ITA"]
[Date "2005.08.20"]
[Round "1"]
[White "Nizzardo, Mattia"]
[Black "Lapiccirella, Daniele"]
[Result "0-1"]
[WhiteElo "1718"]
[BlackElo "2120"]
[PlyCount "68"]
[EventDate "2005.08.20"]

1.e4 c5 2.f4 e6 3.Nf3 d5 4.e5 Nc6 5.d4 Nge7 6.Nc3 Nf5 7.Bb5 cxd4 8.Nxd4 
Qh4+ 9.Ke2 Qg4+ 10.Kf2 Qxd1 11.Rxd1 Nxd4 12.Rxd4 Bc5 13.Be3 Bxd4 14.Bxd4 
Bd7 15.Bxc6 Bxc6 16.Bc5 b6 17.Bd6 O-O-O 18.a4 Rxd6 19.exd6 Rd8 20.Ne2 Rxd6
21.Nd4 a5 22.c3 Kb7 23.b3 Rd8 24.Re1 Re8 25.g4 h6 26.h4 Bd7 27.Kg3 Kc7 28.
g5 Kd6 29.f5 e5 30.f6 gxf6 31.gxh6 Rg8+ 32.Kh2 exd4 33.Rf1 f5 34.Rg1 Rh8 
0-1

[Event "XIII C.to Italiano U20"]
[Site "Bratto - Castione della Presolana ITA"]
[Date "2005.08.20"]
[Round "1"]
[White "Piccirillo, Edoardo"]
[Black "Bevilacqua, Andrea"]
[Result "1/2-1/2"]
[WhiteElo "1653"]
[BlackElo "1978"]
[PlyCount "61"]
[EventDate "2005.08.20"]

1.d4 d5 2.c4 e6 3.Nc3 Be7 4.Nf3 Nf6 5.Bg5 O-O 6.cxd5 exd5 7.Qc2 g6 8.e3 
Nc6 9.a3 Bf5 10.Bd3 Bxd3 11.Qxd3 a6 12.O-O Re8 13.Rac1 Ne4 14.Bxe7 Rxe7 
15.Nd2 Nxd2 16.Qxd2 Na5 17.Qc2 Qd6 18.Nb1 Nc4 19.Nd2 Nxd2 20.Qxd2 f5 21.
Rfe1 Rae8 22.Qc3 f4 23.h3 c6 24.Qd2 fxe3 25.Rxe3 Rxe3 26.fxe3 Re4 27.Rf1 
Qe7 28.Rf3 c5 29.dxc5 Qxc5 30.b4 Qc6 31.Rf4 1/2-1/2

[Event "XIII C.to Italiano U20"]
[Site "Bratto - Castione della Presolana ITA"]
[Date "2005.08.20"]
[Round "1"]
[White "Romano, Zeno"]
[Black "Tomba, Ivan"]
[Result "0-1"]
[WhiteElo "1860"]
[BlackElo "2232"]
[PlyCount "40"]
[EventDate "2005.08.20"]

1.e4 c5 2.Nf3 d6 3.d4 cxd4 4.Nxd4 e6 5.c4 Nf6 6.Nc3 b6 7.Bd3 Bb7 8.O-O Be7
9.b3 O-O 10.Bb2 Nc6 11.Nxc6 Bxc6 12.Qc2 Rc8 13.Rad1 Qc7 14.f4 h6 15.e5 
dxe5 16.fxe5 Ng4 17.Bc1 Qxe5 18.Bf4 Qh5 19.h3 Bc5+ 20.Kh1 Qxh3+ 0-1

[Event "XIII C.to Italiano U20"]
[Site "Bratto - Castione della Presolana ITA"]
[Date "2005.08.20"]
[Round "1"]
[White "Rombaldoni, Axel"]
[Black "Perico', Alessandro"]
[Result "0-1"]
[WhiteElo "2137"]
[BlackElo "1736"]
[PlyCount "114"]
[EventDate "2005.08.20"]

1.e4 e6 2.d4 d5 3.Nc3 dxe4 4.Nxe4 Nd7 5.Nf3 Ngf6 6.Nxf6+ Nxf6 7.Be2 Be7 8.
O-O O-O 9.b3 b6 10.Ne5 Bb7 11.Bb2 Qc8 12.Bf3 Rd8 13.Nc6 Rd7 14.Nxe7+ Rxe7 
15.c4 Rd7 16.Qe2 Rd6 17.Rad1 Bxf3 18.Qxf3 Qe8 19.Rfe1 Qc6 20.d5 exd5 21.
Be5 Rd7 22.Bxf6 Qxf6 23.Qxf6 gxf6 24.cxd5 Rad8 25.Rc1 Rxd5 26.Rxc7 R8d7 
27.Rxd7 Rxd7 28.h3 Rd2 29.a4 Rd4 30.Kh2 Kg7 31.Kg3 Kg6 32.Re3 f5 33.f4 a5 
34.Kf3 h5 35.Kg3 f6 36.Rf3 Rd2 37.Rc3 Rd4 38.h4 Rd6 39.Kf3 Kf7 40.g3 Re6 
41.Rd3 Re4 42.Rd7+ Ke6 43.Rh7 Rb4 44.Rxh5 Rxb3+ 45.Kg2 Rb4 46.Rh7 Rxa4 47.
h5 Ra2+ 48.Kh3 b5 49.h6 Ra1 50.Kg2 Ra2+ 51.Kf3 Rh2 52.Ke3 b4 53.Kd3 b3 54.
Kc3 a4 55.Rb7 b2 56.h7 a3 57.Kc4 Rxh7 0-1

[Event "XIII C.to Italiano U20"]
[Site "Bratto - Castione della Presolana ITA"]
[Date "2005.08.20"]
[Round "1"]
[White "Ronchetti, Niccolo'"]
[Black "Parodi, Alessandro"]
[Result "1-0"]
[WhiteElo "2395"]
[BlackElo "1923"]
[PlyCount "57"]
[EventDate "2005.08.20"]

1.e4 d6 2.d4 Nf6 3.Nc3 g6 4.f4 Bg7 5.Nf3 O-O 6.Bd3 Nc6 7.Qe2 Bg4 8.Be3 Nd7
9.Qf2 Bxf3 10.gxf3 e6 11.h4 h5 12.f5 e5 13.d5 Ne7 14.O-O-O c5 15.dxc6 bxc6
16.Bc4 Nf6 17.Rhg1 Kh7 18.Qg2 d5 19.fxg6+ fxg6 20.exd5 Qe8 21.Bc5 Bh6+ 22.
Kb1 Nfxd5 23.Bxd5 Nxd5 24.Nxd5 cxd5 25.Bxf8 Bxf8 26.Rxd5 Bg7 27.Rd6 e4 28.
Rxg6 Bd4 29.Qg5 1-0

[Event "XIII C.to Italiano U20"]
[Site "Bratto - Castione della Presolana ITA"]
[Date "2005.08.20"]
[Round "1"]
[White "Rorato, Giovanni Riccardo"]
[Black "Ferrante, Marco"]
[Result "1-0"]
[WhiteElo "1706"]
[BlackElo "2113"]
[PlyCount "83"]
[EventDate "2005.08.20"]

1.d4 d5 2.c4 c6 3.Nc3 Nf6 4.cxd5 cxd5 5.Bf4 Nc6 6.e3 e6 7.g4 Bb4 8.f3 a6 
9.Rc1 O-O 10.Bd3 Re8 11.Ne2 e5 12.dxe5 Nxe5 13.Nd4 Qb6 14.O-O Bxc3 15.bxc3
Nxd3 16.Qxd3 Be6 17.Rb1 Qa7 18.a4 b6 19.Rb2 Rac8 20.Rfb1 Nd7 21.a5 b5 22.
Rb4 Qc5 23.Rc1 Qa7 24.Kg2 Nc5 25.Qd2 Na4 26.Nf5 Bxf5 27.gxf5 Qe7 28.Kg3 
Rc5 29.Rd4 Qf6 30.e4 dxe4 31.fxe4 Rc6 32.Rc2 Nc5 33.Qg2 Nb3 34.e5 Qxf5 35.
Qxc6 Rc8 36.e6 Qg6+ 37.Kh4 Qxe6 38.Qxe6 fxe6 39.Rd6 Rc4 40.Kg3 Nc5 41.Kf3 
b4 42.Rd4 1-0